000 00982cam a2200241 4500
001 L135876
008 061214n2006 000 0 eng u
035 _a(Sirsi) u135876
041 0 _aeng
050 0 4 _a333.33016 $2 18
110 2 _aInvestment Property Databank
_92288
245 0 0 _aIPD UK monthly index
_bOctober 2006
260 _aLondon
_bIPD
_c2006
490 0 _aIPD UK Monthly Index
_vOctober 2006
520 _aIndex reports on commercial property performance, providing figures for total return, capital growth, income return and rental growth for all-property, retail, office and industrial sectors.
590 _aKA
650 2 4 _aIPD UK MONTHLY INDEX
651 4 _aUnited Kingdom
_y
690 _aPROPERTY-COMMERCIAL PROPERTY-COMMERCIAL PROPERTY MARKET
690 _aPROPERTY-COMMERCIAL PROPERTY-COMMERCIAL PROPERTY FINANCE AND INVESTMENT
856 4 0 _uhttps://www.ipdindex.co.uk/
_zView the item free of charge at http://www.ipdindex.co.uk/...
942 _n0
999 _c106216
_d106216